Capitals that are not the largest city in its country - Statistics

General Stats
  • This quiz has been taken 63 times
    48 since last reset
  • The average score is 15 of 18
Answer Stats
Country Capital Biggest City % Correct
Unnited States Washington DC New York
100%
China Beijing Shanghai
96%
Canada Ottowa Toronto
96%
Turkey Ankara Istanbul
93%
Brazil Brasilia Sao Paulo
93%
Australia Canberra Sydney
93%
India New Delhi Mumbai
93%
South Africa Pretoria/Cape town/Bloemfontein Johannesburg
93%
Switzerland Bern Zurich
91%
Vietnam Hanoi Ho Chi Minh
91%
UAE Abu Dhabi Dubai
87%
Pakistan Islamabad Karachi
87%
New Zealand Wellington Auckland
87%
Morocco Rabat Casablanca
84%
Bolivia Sucre/La Paz Santa Cruz
82%
Nigeria Abuja Lagos
71%
Tanzania Dodoma Dar es Salaam
58%
Sri Lanka Sri Jayawardenepura Kotte Colombo
51%
No matching quizzes found
Score Distribution
Percent of People with Each Score
Percentile by Number Answered
Your Score History
You have not taken this quiz since the last reset